| Tag |
First Indicator |
Second Indicator |
Subfields |
| LEADER |
00000cam a2200000 a 4500 |
| 001 |
in00000879113 |
| 005 |
20151019134625.0 |
| 008 |
880721s1988 enka b 00100 eng c |
| 010 |
|
|
|a 88023023
|
| 020 |
|
|
|a 1852211105 (pbk.) :
|c $36.00 (U.S.)
|
| 020 |
|
|
|a 1852211091 (hard) :
|c $54.00 (U.S.)
|
| 035 |
|
|
|a (OCoLC)18326541
|
| 035 |
|
|
|9 AEK1419AM
|
| 040 |
|
|
|a DNLM/DLC
|c DLC
|d AGL
|d OCL
|d TXA
|d UtOrBLW
|
| 049 |
|
|
|a TXAM
|c [A12495200]
|
| 050 |
0 |
0 |
|a QH445.2
|b .G465 1988
|
| 060 |
|
0 |
|a QH 445.2 G335
|
| 070 |
0 |
|
|a QH445.2.G46
|
| 072 |
|
0 |
|a X300
|
| 082 |
0 |
|
|a 575.1/2
|2 19
|
| 245 |
0 |
0 |
|a Genome analysis :
|b a practical approach /
|c edited by K.E. Davies.
|
| 264 |
|
1 |
|a Oxford ;
|a Washington, DC :
|b IRL Press,
|c 1988.
|
| 300 |
|
|
|a xiv, 192 pages :
|b illustrations ;
|c 23 cm.
|
| 336 |
|
|
|a text
|b txt
|2 rdacontent
|
| 337 |
|
|
|a unmediated
|b n
|2 rdamedia
|
| 338 |
|
|
|a volume
|b nc
|2 rdacarrier
|
| 490 |
1 |
|
|a Practical approach series
|
| 504 |
|
|
|a Includes bibliographies and index.
|
| 650 |
|
0 |
|a Gene mapping
|x Technique.
|
| 700 |
1 |
|
|a Davies, K. E.
|q (Kay E.)
|
| 830 |
|
0 |
|a Practical approach series.
|
| 999 |
|
|
|a MARS
|
| 999 |
f |
f |
|s bf20ce66-be3b-3c59-a421-ddd2e4af436d
|i c2a40557-cb44-3721-a681-03452273ff09
|t 0
|
| 952 |
f |
f |
|p ric
|a Texas A&M University
|b Rellis Campus
|c Joint Library Facility
|d Remote Storage
|t 0
|e QH445.2 .G465 1988
|h Library of Congress classification
|i unmediated -- volume
|m A14812495200
|
| 998 |
f |
f |
|a QH445.2 .G465 1988
|t 0
|l Remote Storage
|